{"text_format":"3","workbook":"xlsx","n_sheets":1,"sheets":["t570"],"read":"whole","date_system":"1900"}

{"sheet":"t570","index":0,"n_rows":175,"n_cols":7,"rows_kept":175,"merged":[[0,0,0,6],[30,0,30,5],[44,0,44,5],[152,0,152,5]]}
["TABELA 570.1 - Estatísticas Agrícolas, Município de Sertãozinho, Estado de São Paulo, 2007/08."]
["ITEM","UNIDADE","N.DE UPAs","MÍNIMO","MÉDIO","MÁXIMO","TOTAL"]
["Distância à sede do município","km",601,0.5,{"v":7.22,"d":"7.2"},{"v":22,"d":"22.0"},"-"]
["Área total","hectare",601,0.1,{"v":61.14,"d":"61.1"},{"v":2320,"d":"2,320.0"},{"v":36745.7,"d":"36,745.7"}]
["Área com cultura perene","hectare",3,0.2,{"v":9.43,"d":"9.4"},26.1,28.3]
["Área com cultura temporária","hectare",558,0.2,{"v":53.35,"d":"53.4"},{"v":1446,"d":"1,446.0"},{"v":29770.6,"d":"29,770.6"}]
["Área com pastagem","hectare",43,0.2,{"v":31.63,"d":"31.6"},{"v":1051,"d":"1,051.0"},{"v":1360.1,"d":"1,360.1"}]
["Área com reflorestamento","hectare",5,0.5,{"v":5,"d":"5.0"},16.9,{"v":25,"d":"25.0"}]
["Área com vegetação natural","hectare",106,0.1,{"v":19.76,"d":"19.8"},{"v":890,"d":"890.0"},{"v":2094.1,"d":"2,094.1"}]
["Área com vegetação de brejo e várzea","hectare",78,0.2,{"v":15.59,"d":"15.6"},248.3,{"v":1215.9,"d":"1,215.9"}]
["Área em descanso","hectare",23,0.3,{"v":6.73,"d":"6.7"},49.3,154.7]
["Área complementar","hectare",273,0.1,{"v":7.68,"d":"7.7"},160.2,{"v":2097,"d":"2,097.0"}]
["Área das UPAs com (0, 1] ha","hectare",12,0.1,{"v":0.48,"d":"0.5"},{"v":1,"d":"1.0"},5.7]
["Área das UPAs com (1, 2] ha","hectare",23,1.2,{"v":1.59,"d":"1.6"},{"v":2,"d":"2.0"},36.6]
["Área das UPAs com (2, 5] ha","hectare",81,2.1,3.7,{"v":5,"d":"5.0"},299.5]
["Área das UPAs com (5, 10] ha","hectare",118,5.1,{"v":7.67,"d":"7.7"},{"v":10,"d":"10.0"},905.3]
["Área das UPAs com (10, 20] ha","hectare",159,10.1,{"v":14.16,"d":"14.2"},19.9,{"v":2250.9,"d":"2,250.9"}]
["Área das UPAs com (20, 50] ha","hectare",118,20.1,{"v":29.87,"d":"29.9"},48.9,{"v":3524.9,"d":"3,524.9"}]
["Área das UPAs com (50, 100] ha","hectare",41,50.8,{"v":70.46,"d":"70.5"},{"v":95,"d":"95.0"},{"v":2889,"d":"2,889.0"}]
["Área das UPAs com (100, 200] ha","hectare",13,101.8,{"v":152.16,"d":"152.2"},196.5,{"v":1978.1,"d":"1,978.1"}]
["Área das UPAs com (200, 500] ha","hectare",16,216.1,{"v":348.51,"d":"348.5"},491.4,{"v":5576.2,"d":"5,576.2"}]
["Área das UPAs com (500, 1.000] ha","hectare",11,576.8,714.8,952.4,{"v":7862.8,"d":"7,862.8"}]
["Área das UPAs com (1.000, 2.000] ha","hectare",8,{"v":1020.1,"d":"1,020.1"},{"v":1137.09,"d":"1,137.1"},{"v":1610.3,"d":"1,610.3"},{"v":9096.7,"d":"9,096.7"}]
["Área das UPAs com (2.000, 5.000] ha","hectare",1,{"v":2320,"d":"2,320.0"},{"v":2320,"d":"2,320.0"},{"v":2320,"d":"2,320.0"},{"v":2320,"d":"2,320.0"}]
["Área das UPAs com (5.000, 10.000] ha","hectare","-","-","-","-","-"]
["Área das UPAs acima de 10.000 ha","hectare","-","-","-","-","-"]
["Familiares do proprietário que trabalham na UPA","unidade",525,{"v":1,"d":"1.0"},{"v":1.45,"d":"1.5"},{"v":11,"d":"11.0"},{"v":760,"d":"760.0"}]
["Trabalhadores permanentes","unidade",55,{"v":1,"d":"1.0"},{"v":11.95,"d":"12.0"},{"v":460,"d":"460.0"},{"v":657,"d":"657.0"}]
["Fonte: Secretaria de Agricultura e Abastecimento, CDRS/IEA, Projeto LUPA."]
[]
["TABELA 570.2 - Explorações Animais, Município de Sertãozinho, Estado de São Paulo, 2007/08."]
["ITEM","UNIDADE","N.DE UPAs","MÍNIMO","MÉDIO","MÁXIMO","TOTAL"]
["Asininos E Muares","cabeças",2,{"v":6,"d":"6.0"},{"v":7,"d":"7.0"},{"v":8,"d":"8.0"},{"v":14,"d":"14.0"}]
["Avicultura de Corte","cabeças/ano",2,{"v":1100000,"d":"1,100,000.0"},{"v":2200000,"d":"2,200,000.0"},{"v":3300000,"d":"3,300,000.0"},{"v":4400000,"d":"4,400,000.0"}]
["Bovinocultura de Corte","cabeças",2,{"v":46,"d":"46.0"},995.5,{"v":1945,"d":"1,945.0"},{"v":1991,"d":"1,991.0"}]
["Bovinocultura Leiteira","cabeças",5,{"v":1,"d":"1.0"},{"v":30,"d":"30.0"},{"v":90,"d":"90.0"},{"v":150,"d":"150.0"}]
["Bovinocultura Mista","cabeças",18,{"v":2,"d":"2.0"},{"v":32.11,"d":"32.1"},{"v":130,"d":"130.0"},{"v":578,"d":"578.0"}]
["Bubalinocultura","cabeças",1,{"v":6,"d":"6.0"},{"v":6,"d":"6.0"},{"v":6,"d":"6.0"},{"v":6,"d":"6.0"}]
["Caprinocultura","cabeças",1,{"v":20,"d":"20.0"},{"v":20,"d":"20.0"},{"v":20,"d":"20.0"},{"v":20,"d":"20.0"}]
["Equinocultura","cabeças",13,{"v":2,"d":"2.0"},{"v":7.46,"d":"7.5"},{"v":45,"d":"45.0"},{"v":97,"d":"97.0"}]
["Ovinocultura","cabeças",10,{"v":5,"d":"5.0"},35.7,{"v":120,"d":"120.0"},{"v":357,"d":"357.0"}]
["Suinocultura","cabeças",6,{"v":1,"d":"1.0"},{"v":218.17,"d":"218.2"},{"v":1200,"d":"1,200.0"},{"v":1309,"d":"1,309.0"}]
["Fonte: Secretaria de Agricultura e Abastecimento, CDRS/IEA, Projeto LUPA."]
[]
["TABELA 570.3 -  Máquinas, Implementos e Benfeitorias, Município de Sertãozinho, Estado de São Paulo, 2007/08."]
["ITEM","UNIDADE","N.DE UPAs","MÍNIMO","MÉDIO","MÁXIMO","TOTAL"]
["Arado Comum (Bacia, Aiveca)","Unidade",26,{"v":1,"d":"1.0"},{"v":1.62,"d":"1.6"},{"v":8,"d":"8.0"},{"v":42,"d":"42.0"}]
["Arado Escarificador","Unidade",53,{"v":1,"d":"1.0"},{"v":2.42,"d":"2.4"},{"v":49,"d":"49.0"},{"v":128,"d":"128.0"}]
["Arado Subsolador","Unidade",48,{"v":1,"d":"1.0"},{"v":1.69,"d":"1.7"},{"v":16,"d":"16.0"},{"v":81,"d":"81.0"}]
["Batedeira de Cereais","Unidade",7,{"v":1,"d":"1.0"},{"v":1.71,"d":"1.7"},{"v":3,"d":"3.0"},{"v":12,"d":"12.0"}]
["Câmara Fria","Unidade",5,{"v":1,"d":"1.0"},2.2,{"v":6,"d":"6.0"},{"v":11,"d":"11.0"}]
["Carregadeira de Cana","Unidade",27,{"v":1,"d":"1.0"},{"v":2.89,"d":"2.9"},{"v":28,"d":"28.0"},{"v":78,"d":"78.0"}]
["Colhedeira Acoplada","Unidade",21,{"v":1,"d":"1.0"},1.9,{"v":4,"d":"4.0"},{"v":40,"d":"40.0"}]
["Colhedeira Automotriz","Unidade",6,{"v":2,"d":"2.0"},{"v":8.33,"d":"8.3"},{"v":30,"d":"30.0"},{"v":50,"d":"50.0"}]
["Computador","Unidade",5,{"v":1,"d":"1.0"},3.6,{"v":14,"d":"14.0"},{"v":18,"d":"18.0"}]
["Conj.Irrigação Autopropelido","Unidade",3,{"v":4,"d":"4.0"},{"v":4.33,"d":"4.3"},{"v":5,"d":"5.0"},{"v":13,"d":"13.0"}]
["Conj.Irrigação Convencional","Unidade",4,{"v":1,"d":"1.0"},2.5,{"v":7,"d":"7.0"},{"v":10,"d":"10.0"}]
["Conj.Irrigação/Gotejamento/Microaspersão","Unidade",1,{"v":1,"d":"1.0"},{"v":1,"d":"1.0"},{"v":1,"d":"1.0"},{"v":1,"d":"1.0"}]
["Conjunto de Fenação","Unidade",2,{"v":1,"d":"1.0"},{"v":2,"d":"2.0"},{"v":3,"d":"3.0"},{"v":4,"d":"4.0"}]
["Desintegrador de Palha (Plantio Direto)","Unidade",3,{"v":2,"d":"2.0"},{"v":2,"d":"2.0"},{"v":2,"d":"2.0"},{"v":6,"d":"6.0"}]
["Desintegrador, Picador, Triturador","Unidade",34,{"v":1,"d":"1.0"},{"v":1.15,"d":"1.2"},{"v":2,"d":"2.0"},{"v":39,"d":"39.0"}]
["Distribuidor de Calcário","Unidade",10,{"v":1,"d":"1.0"},4.5,{"v":36,"d":"36.0"},{"v":45,"d":"45.0"}]
["Ensiladeira","Unidade",9,{"v":1,"d":"1.0"},{"v":1.44,"d":"1.4"},{"v":3,"d":"3.0"},{"v":13,"d":"13.0"}]
["Grade Aradora (Tipo Romi)","Unidade",23,{"v":1,"d":"1.0"},{"v":3.04,"d":"3.0"},{"v":33,"d":"33.0"},{"v":70,"d":"70.0"}]
["Grade Niveladora","Unidade",23,{"v":1,"d":"1.0"},{"v":1.48,"d":"1.5"},{"v":4,"d":"4.0"},{"v":34,"d":"34.0"}]
["Microtrator","Unidade",2,{"v":1,"d":"1.0"},{"v":11,"d":"11.0"},{"v":21,"d":"21.0"},{"v":22,"d":"22.0"}]
["Misturador de Ração","Unidade",3,{"v":1,"d":"1.0"},{"v":1.33,"d":"1.3"},{"v":2,"d":"2.0"},{"v":4,"d":"4.0"}]
["Ordenhadeira Mecânica","Unidade",1,{"v":2,"d":"2.0"},{"v":2,"d":"2.0"},{"v":2,"d":"2.0"},{"v":2,"d":"2.0"}]
["Pulverizador Tratorizado","Unidade",43,{"v":1,"d":"1.0"},{"v":3.95,"d":"4.0"},{"v":69,"d":"69.0"},{"v":170,"d":"170.0"}]
["Semeadeira/Adubadeira para Plantio Convencional","Unidade",15,{"v":1,"d":"1.0"},{"v":3.67,"d":"3.7"},{"v":35,"d":"35.0"},{"v":55,"d":"55.0"}]
["Semeadeira/Plantadeira Plantio Direto","Unidade",27,{"v":1,"d":"1.0"},{"v":1.41,"d":"1.4"},{"v":4,"d":"4.0"},{"v":38,"d":"38.0"}]
["Terraceador","Unidade",6,{"v":1,"d":"1.0"},{"v":1.33,"d":"1.3"},{"v":2,"d":"2.0"},{"v":8,"d":"8.0"}]
["Trator de Esteiras","Unidade",5,{"v":1,"d":"1.0"},2.6,{"v":3,"d":"3.0"},{"v":13,"d":"13.0"}]
["Trator de Pneus","Unidade",80,{"v":1,"d":"1.0"},{"v":6.78,"d":"6.8"},{"v":121,"d":"121.0"},{"v":542,"d":"542.0"}]
["Açude/Represa","Unidade",34,{"v":1,"d":"1.0"},{"v":1.65,"d":"1.7"},{"v":7,"d":"7.0"},{"v":56,"d":"56.0"}]
["Almoxarifado/Oficina","Unidade",13,{"v":1,"d":"1.0"},{"v":2,"d":"2.0"},{"v":7,"d":"7.0"},{"v":26,"d":"26.0"}]
["Armazém para Grãos Ensacados","Sacas",7,{"v":1,"d":"1.0"},{"v":1.43,"d":"1.4"},{"v":3,"d":"3.0"},{"v":10,"d":"10.0"}]
["Balança para Bovinos","Unidade",5,{"v":1,"d":"1.0"},1.4,{"v":3,"d":"3.0"},{"v":7,"d":"7.0"}]
["Balança para Veículos","Unidade",5,{"v":1,"d":"1.0"},{"v":2,"d":"2.0"},{"v":3,"d":"3.0"},{"v":10,"d":"10.0"}]
["Barracão para Cultivo de Cogumelo","Unidade",1,{"v":1,"d":"1.0"},{"v":1,"d":"1.0"},{"v":1,"d":"1.0"},{"v":1,"d":"1.0"}]
["Barracão para Granja/Avicultura","Unidade",3,{"v":1,"d":"1.0"},{"v":15.33,"d":"15.3"},{"v":29,"d":"29.0"},{"v":46,"d":"46.0"}]
["Barracão/Galpão/Garagem","Unidade",91,{"v":1,"d":"1.0"},{"v":1.46,"d":"1.5"},{"v":6,"d":"6.0"},{"v":133,"d":"133.0"}]
["Casa de Moradia Habitada","Unidade",148,{"v":1,"d":"1.0"},{"v":4.06,"d":"4.1"},{"v":120,"d":"120.0"},{"v":601,"d":"601.0"}]
["Casa de Moradia Total","Unidade",153,{"v":1,"d":"1.0"},4.3,{"v":110,"d":"110.0"},{"v":658,"d":"658.0"}]
["Curral/Mangueira","Unidade",28,{"v":1,"d":"1.0"},{"v":1.25,"d":"1.3"},{"v":3,"d":"3.0"},{"v":35,"d":"35.0"}]
["Depósito/Tulha","Unidade",59,{"v":1,"d":"1.0"},{"v":1.22,"d":"1.2"},{"v":4,"d":"4.0"},{"v":72,"d":"72.0"}]
["Engenho","Unidade",1,{"v":1,"d":"1.0"},{"v":1,"d":"1.0"},{"v":1,"d":"1.0"},{"v":1,"d":"1.0"}]
["Estábulo","Unidade",7,{"v":1,"d":"1.0"},{"v":1,"d":"1.0"},{"v":1,"d":"1.0"},{"v":7,"d":"7.0"}]
["Estufa/Plasticultura","m²",2,{"v":1,"d":"1.0"},4.5,{"v":8,"d":"8.0"},{"v":9,"d":"9.0"}]
["Fábrica de Ração","Unidade",3,{"v":1,"d":"1.0"},{"v":1,"d":"1.0"},{"v":1,"d":"1.0"},{"v":3,"d":"3.0"}]
["Instalações para Equinos","Unidade",3,{"v":1,"d":"1.0"},{"v":2.67,"d":"2.7"},{"v":6,"d":"6.0"},{"v":8,"d":"8.0"}]
["Máquina de Benefício","Unidade",2,{"v":1,"d":"1.0"},{"v":1,"d":"1.0"},{"v":1,"d":"1.0"},{"v":2,"d":"2.0"}]
["Olaria","Unidade",1,{"v":1,"d":"1.0"},{"v":1,"d":"1.0"},{"v":1,"d":"1.0"},{"v":1,"d":"1.0"}]
["Pocilga","Unidade",11,{"v":1,"d":"1.0"},{"v":1.18,"d":"1.2"},{"v":3,"d":"3.0"},{"v":13,"d":"13.0"}]
["Poço Semi-Artesiano","Unidade",16,{"v":1,"d":"1.0"},{"v":1.31,"d":"1.3"},{"v":3,"d":"3.0"},{"v":21,"d":"21.0"}]
["Posto Meteorológico","Unidade",4,{"v":1,"d":"1.0"},{"v":1,"d":"1.0"},{"v":1,"d":"1.0"},{"v":4,"d":"4.0"}]
["Secador de Grãos","Unidade",1,{"v":1,"d":"1.0"},{"v":1,"d":"1.0"},{"v":1,"d":"1.0"},{"v":1,"d":"1.0"}]
["Silo para Grãos","t",4,{"v":1,"d":"1.0"},{"v":1.75,"d":"1.8"},{"v":3,"d":"3.0"},{"v":7,"d":"7.0"}]
["Silo para Silagem","t",4,{"v":1,"d":"1.0"},{"v":376,"d":"376.0"},{"v":1500,"d":"1,500.0"},{"v":1504,"d":"1,504.0"}]
["Terreiro","m²",3,{"v":1,"d":"1.0"},{"v":1,"d":"1.0"},{"v":1,"d":"1.0"},{"v":3,"d":"3.0"}]
["Usina de Açúcar/destilaria","Unidade",6,{"v":1,"d":"1.0"},{"v":1,"d":"1.0"},{"v":1,"d":"1.0"},{"v":6,"d":"6.0"}]
["Fonte: Secretaria de Agricultura e Abastecimento, CDRS/IEA, Projeto LUPA."]
[]
["TABELA 570.4 - Outras Estatísticas Agrícolas, Município de Sertãozinho, Estado de São Paulo, 2007/08."]
["ITEM","Número de UPAs",null,"Percentual"]
["Faz Parte de Associação de Produtores",569,null,{"v":94.675540765391,"d":"94.7"}]
["Faz Parte de Cooperativa de Produtores",575,null,{"v":95.6738768718802,"d":"95.7"}]
["Faz Parte do Sindicato de Produtores",566,null,{"v":94.17637271214642,"d":"94.2"}]
["Não utiliza assistência técnica ",49,null,{"v":8.153078202995008,"d":"8.2"}]
["Utiliza somente assistência técnica governamental ",10,null,{"v":1.663893510815308,"d":"1.7"}]
["Utiliza somente assistência técnica privada ",497,null,{"v":82.6955074875208,"d":"82.7"}]
["Utiliza assistência técnica tanto governamental quanto privada",45,null,{"v":7.487520798668886,"d":"7.5"}]
["Utiliza Crédito Rural",110,null,{"v":18.302828618968384,"d":"18.3"}]
["Utiliza Seguro Rural",38,null,{"v":6.32279534109817,"d":"6.3"}]
["Utiliza Escrituração Agrícola",554,null,{"v":92.17970049916805,"d":"92.2"}]
["Acessa Internet p/ Fins na Agropecuária",37,null,{"v":6.156405990016639,"d":"6.2"}]
["Utiliza Computador nas Atividades Agropecuárias",60,null,{"v":9.983361064891847,"d":"10.0"}]
["Utiliza Energia Elétrica Para Uso na Atividade Agrícola",192,null,{"v":31.94675540765391,"d":"31.9"}]
["Realiza Análise de Solo, quando necessário",531,null,{"v":88.35274542429283,"d":"88.4"}]
["Utiliza Práticas de Conservação de Solo, quando necessário",571,null,{"v":95.00831946755407,"d":"95.0"}]
["Faz Adubação Mineral, quando necessário",517,null,{"v":86.02329450915141,"d":"86.0"}]
["Faz Adubação Orgânica, quando necessário",98,null,{"v":16.306156405990016,"d":"16.3"}]
["Faz Adubação Verde, quando necessário",41,null,{"v":6.821963394342762,"d":"6.8"}]
["Utiliza Manejo Integrado de Pragas (MIP)","-",null,"-"]
["Utiliza Hidroponia","-",null,"-"]
["Utiliza Plasticultura",4,null,{"v":0.6655574043261232,"d":"0.7"}]
["Utiliza Mudas Fiscalizadas",9,null,{"v":1.497504159733777,"d":"1.5"}]
["Utiliza Semente Melhorada",59,null,{"v":9.816971713810316,"d":"9.8"}]
["Faz Confinamento de Bovinos",8,null,{"v":1.3311148086522464,"d":"1.3"}]
["Utiliza Pastejo Intensivo",19,null,{"v":3.161397670549085,"d":"3.2"}]
["Faz Inseminação Artificial",4,null,{"v":0.6655574043261232,"d":"0.7"}]
["Faz Mineralização do Rebanho",24,null,{"v":3.993344425956739,"d":"4.0"}]
["Faz Vermifugação do Rebanho",26,null,{"v":4.326123128119801,"d":"4.3"}]
["Possui Parceiros /Arrendatários na Exploração Animal",87,null,{"v":14.475873544093178,"d":"14.5"}]
["Esporte e lazer",2,null,{"v":0.3327787021630616,"d":"0.3"}]
["Extração mineral","-",null,"-"]
["Hotel Fazenda, Pousada ou SPA","-",null,"-"]
["Pesque-pague",1,null,{"v":0.1663893510815308,"d":"0.2"}]
["Restaurante ou Lanchonete",2,null,{"v":0.3327787021630616,"d":"0.3"}]
["Transformação artesanal","-",null,"-"]
["Turismo rural ou ecoturismo","-",null,"-"]
["Outras atividades econômicas rurais",4,null,{"v":0.6655574043261232,"d":"0.7"}]
["Agroindústria",1,null,{"v":0.1663893510815308,"d":"0.2"}]
["Proprietário sem instrução ou com instrução incompleta",2,null,{"v":0.3327787021630616,"d":"0.3"}]
["Proprietário com antigo primário completo",351,null,{"v":58.4026622296173,"d":"58.4"}]
["Proprietário com 1° grau (ou antigo ginasial) completo",44,null,{"v":7.321131447587355,"d":"7.3"}]
["Proprietário com 2° grau (ou antigo colegial) completo",60,null,{"v":9.983361064891847,"d":"10.0"}]
["Proprietário com curso superior completo ",77,null,{"v":12.81198003327787,"d":"12.8"}]
["Pessoa Jurídica",67,null,{"v":11.148086522462561,"d":"11.1"}]
["Proprietário residente na própria UPA ",42,null,{"v":6.988352745424293,"d":"7.0"}]
["Fonte: Secretaria de Agricultura e Abastecimento, CDRS/IEA, Projeto LUPA."]
[]
["TABELA 570.5 - Área Cultivada, Município de Sertãozinho, Estado de São Paulo, 2007/08."]
["CULTURA","N.DE UPAs","MÍNIMO","MÉDIO","MÁXIMO","TOTAL"]
["Cana-de-acucar",552,0.2,{"v":53.59,"d":"53.6"},{"v":1446,"d":"1,446.0"},{"v":29580.3,"d":"29,580.3"}]
["Coloniao",1,{"v":701,"d":"701.0"},{"v":701,"d":"701.0"},{"v":701,"d":"701.0"},{"v":701,"d":"701.0"}]
["Braquiaria",6,0.2,{"v":70.62,"d":"70.6"},{"v":350,"d":"350.0"},423.7]
["Milho",2,0.8,120.4,{"v":240,"d":"240.0"},240.8]
["Outras gramineas para pastagem",22,0.3,{"v":8.46,"d":"8.5"},40.8,186.1]
["Gramas",13,0.3,{"v":2.74,"d":"2.7"},4.9,35.6]
["Cafe",1,26.1,26.1,26.1,26.1]
["Eucalipto",4,0.5,5.5,16.9,{"v":22,"d":"22.0"}]
["Capim-napier (ou capim-elefante)",4,{"v":1,"d":"1.0"},{"v":3.43,"d":"3.4"},{"v":9,"d":"9.0"},13.7]
["Alface",4,0.1,{"v":1.33,"d":"1.3"},{"v":4,"d":"4.0"},5.3]
["Outras florestais",1,{"v":3,"d":"3.0"},{"v":3,"d":"3.0"},{"v":3,"d":"3.0"},{"v":3,"d":"3.0"}]
["Banana",1,{"v":1,"d":"1.0"},{"v":1,"d":"1.0"},{"v":1,"d":"1.0"},{"v":1,"d":"1.0"}]
["Couve (ou couve-crespa)",1,0.8,0.8,0.8,0.8]
["Manga",1,0.5,0.5,0.5,0.5]
["Cebolinha",3,0.1,{"v":0.17,"d":"0.2"},0.2,0.5]
["Laranja-azeda",1,0.5,0.5,0.5,0.5]
["Cidra",1,0.2,0.2,0.2,0.2]
["Outras olericolas",1,0.2,0.2,0.2,0.2]
["Mandioca",1,0.2,0.2,0.2,0.2]
["Quiabo",1,0.2,0.2,0.2,0.2]
["Fonte: Secretaria de Agricultura e Abastecimento, CDRS/IEA, Projeto LUPA."]